01009 a2200205 4500003000500000005001700005010001600022020001700038040000900055082001600064100001700080245007300097260003100170300003600201505047800237650002200715650002600737700002200763700001800785Nust20221028114544.0 a 84007475 a0471898317 : cNust00a621.317,DEW1 aDewan, S. B.10aPower semiconductor drives /cS.B. Dewan, G.R. Slemon, A. Straughen. aNew York :bWiley,cc1984. axviii, 354 p. :bill. ;c24 cm. aVariable Speed Drive System (Page-1), Separately Excited DC Motors (Page-35), Single-Phase Rectifier with Motor Load (Page-54), Three-Phase Rectifiers With Motor Load (Page-97), Chopper Drives (Page-127), Three-Phase Induction Motor (Page-158), Speed Control by AC Power (Page-184), Speed Control by Slip-Energy Recovery (Page-199), Induction Motor with Voltage-Source (Page-220), Induction Motor with Current-Source Inverter (Page-260), Synchronous Motor Drives(Page-286). 0aElectric driving. 0aPower semiconductors.1 aSlemon, Gordon R.1 aStraughen, A.